A világnézet lélektanáról.
Elmentve itt :
| Szerző: | |
|---|---|
| Adatforrás: | Philobibl |
| Forrásdokumentuma: | Religió 1916. évf., 273-285.p. p. |
| Dokumentumtípus: | Cikk |
| Nyelv: | magyar |
| LEADER | 00293nab a2200097 c 4500 | ||
|---|---|---|---|
| 001 | bibDOK00027533 | ||
| 005 | 20200924122223.4 | ||
| 008 | 060518s1916 hu hun | ||
| 100 | 1 | |a Prohászka Ottokár | |
| 245 | 1 | 2 | |a A világnézet lélektanáról. |c Prohászka Ottokár |
| 773 | 0 | |t Religió |g 1916. évf., 273-285.p. p. | |